All Marvel Studios Movies and Shows - Statistics

General Stats
  • This quiz has been taken 1,207 times
    43 since last reset
  • The average score is 49 of 62
Answer Stats
Year Movie/Show Answer % Correct
2011 Movie Captain America: The First Avenger
100%
2008 Movie Iron Man
100%
2010 Movie Iron Man 2
100%
2012 Movie The Avengers
100%
2011 Movie Thor
100%
2013 Movie Iron Man 3
97%
2016 Movie Captain America: Civil War
94%
2008 Movie The Incredible Hulk
94%
2019 Movie Avengers: Endgame
91%
2021 Movie Black Widow
91%
2014 Movie Guardians of the Galaxy
91%
2017 Movie Guardians of the Galaxy Vol.2
91%
2022 Movie Thor: Love and Thunder
91%
2013 Movie Thor: The Dark World
91%
2015 Movie Ant-Man
88%
2015 Movie Avengers: Age of Ultron
88%
2018 Movie Black Panther
88%
2019 Movie Captain Marvel
88%
2023 Movie Guardians of the Galaxy Vol.3
88%
2019 Movie Spider-Man: Far From Home
88%
2017 Movie Thor: Ragnarok
88%
2018 Movie Ant-Man and the Wasp
85%
2018 Movie Avengers: Infinity War
85%
2022 Movie Black Panther: Wakanda Forever
85%
2014 Movie Captain America: The Winter Soldier
85%
2016 Movie Doctor Strange
85%
2021-2023 TV Show Loki
85%
2017 Movie Spider-Man: Homecoming
85%
2021 Movie Spider-Man: No Way Home
85%
2025 Movie Thunderbolts*
85%
2021 TV Show Hawkeye
82%
2021 TV Show WandaVision
82%
2021-2024 TV Show (Animation) What If...?
82%
2021 Movie Eternals
79%
2021 Movie Shang-Chi and the Legend of the Ten Rings
79%
2026 Movie Spider-Man: Brand New Day
79%
2023 Movie The Marvels
79%
2023 Movie Ant-Man and the Wasp: Quantumania
76%
2026 Movie Avengers: Doomsday
76%
2022 TV Show Moon Knight
76%
2027 Movie Avengers: Secret Wars
74%
2025 Movie Captain America: Brave New World
74%
2022 Movie Doctor Strange in the Multiverse of Madness
74%
2025 Movie The Fantastic Four: First Steps
74%
2024 Movie Deadpool & Wolverine
71%
2025 TV Show Ironheart
71%
2021 TV Show The Falcon and the Winter Soldier
71%
2022 TV Show She-Hulk: Attorney at Law
68%
2024 TV Show Agatha All Along
65%
2025- TV Show Daredevil: Born Again
65%
2022 TV Show Ms. Marvel
65%
2022 TV Special Presentation Werewolf By Night
62%
2024 TV Show Echo
59%
2025- TV Show (Animation) Marvel Zombies
59%
2026- TV Show Wonder Man
59%
2022 TV Special Presentation The Guardians of the Galaxy Holiday Special
56%
2025 TV Show (Animation) Eyes of Wakanda
53%
2022-2023 TV Show (Animation) I Am Groot
50%
2026 TV Show VisionQuest
50%
2023 TV Show Secret Invasion
47%
2026 TV Special Presentation The Punisher: One Last Kill
47%
2024 TV Show (Animation) Your Friendly Neighbourhood Spider-Man
38%
No matching quizzes found
Score Distribution
Percent of People with Each Score
Percentile by Number Answered
Your Score History
You have not taken this quiz since the last reset